Siete relatos de la edad tardía / (Record no. 192208)

MARC details
000 -LEADER
campo de control de longitud fija 01065nam a2200277 i 4500
001 - NÚMERO DE CONTROL
campo de control 192208
003 - IDENTIFICADOR DE NÚMERO DE CONTROL
campo de control SpMaBN
005 - FECHA Y HORA DE LA ÚLTIMA TRANSACCIÓN
campo de control 20240205142330.0
008 - DATOS DE LONGITUD FIJA--INFORMACIÓN GENERAL
campo de control de longitud fija 221119s2020 sp a | |||| 000 j spa
017 ## - NÚMERO DE COPYRIGHT O DE DEPÓSITO LEGAL
Número de copyright o de depósito legal AL 1232-2020
Agencia que asigna Oficina Depósito Legal Almería
020 ## - NÚMERO INTERNACIONAL ESTÁNDAR DEL LIBRO
Número Internacional Estándar del Libro 9788413635477
040 ## - FUENTE DE CATALOGACIÓN
Centro catalogador/agencia de origen SpMaBN
Lengua de catalogación spa
Centro/agencia transcriptor SpMaBN
Normas de descripción rda
080 ## - NÚMERO DE LA CLASIFICACIÓN DECIMAL UNIVERSAL
Número de la Clasificación Decimal Universal 821.134.2-34"19"
100 1# - ENTRADA PRINCIPAL--NOMBRE DE PERSONA
Nombre de persona García-Herraiz Pérez, Enrique,
Fechas asociadas al nombre 1927-
Término indicativo de función/relación Autor
9 (RLIN) 235001
245 10 - MENCIÓN DEL TÍTULO
Título Siete relatos de la edad tardía /
Mención de responsabilidad, etc. Enrique García-Herraiz.
250 ## - MENCION DE EDICION
Mención de edición Primera edición: julio 2020
260 ## - PUBLICACIÓN, DISTRIBUCIÓN, ETC.
Lugar de publicación, distribución, etc. Roquetas de Mar [Almería] :
Nombre del editor, distribuidor, etc. Círculo Rojo,
Fecha de publicación, distribución, etc. 2020.
300 ## - DESCRIPCIÓN FÍSICA
Extensión 104 páginas :
Otras características físicas ilustraciones (blanco y negro y color) ;
Dimensiones 21 cm.
500 ## - NOTA GENERAL
Nota general Índice
650 #7 - PUNTO DE ACCESO ADICIONAL DE MATERIA--TÉRMINO DE MATERIA
Fuente del encabezamiento o término embne
Término de materia o nombre geográfico como elemento de entrada Cuentos
9 (RLIN) 175847
852 4# - LOCALIZACIÓN
Ubicación ES-MaACL
Número de control de estantería N-8160
Encuadernación Dedicatoria autógrafa del autor
Donativo/Legado Donación: Enrique García-Herraiz Pérez
Ubicación en estantería Depósito J
itemnumber 199490
903 ## - NOMBRE PERSONAL DE DONANTE
a García-Herraiz Pérez, Enrique,
d 1927-
e Donante
9 235001
942 ## - ELEMENTOS DE ENTRADA SECUNDARIOS (KOHA)
Tipo de ítem Koha Libro impreso
Suprimir en OPAC No
Holdings
Estatus retirado Estado de pérdida Fuente del sistema de clasificación o colocación Estado de daño No para préstamo Colección Biblioteca de origen Biblioteca actual Ubicación en estantería Fecha de adquisición Fuente de adquisición Total de préstamos Signatura topográfica completa Código de barras Visto por última vez Tipo de ítem Koha Nota pública
    Clasificación decimal universal     Libros con dedicatorias Biblioteca del Ateneo de Madrid Biblioteca del Ateneo de Madrid Depósito J 19/11/2022 Donación   N-8160 101206634 23/02/2023 Libro impreso Dedicatoria autógrafa del autor